000 01470nam a2200349 a 4500
001 ebr10733964
003 CaPaEBR
006 m o u
007 cr cn|||||||||
008 121127s2013 nyu sr 000 0ceng d
010 _z 2012041483
020 _z9781621009436 (hardcover)
020 _z9781621009801 (e-book)
040 _aCaPaEBR
_cCaPaEBR
035 _a(OCoLC)853496113
050 1 4 _aRC339.5
_b.N48 2013eb
082 0 4 _a612.8072
_223
245 0 0 _aNeuroscience researcher biographical sketches and research summaries
_h[electronic resource] /
_cAbram A. Chernyovskaya and Graviil F. Klossovsky, editors.
260 _aHauppauge, N.Y. :
_bNova Science Publishers, Inc.,
_c2013.
300 _axviii, [447] p.
490 1 _aNeuroscience research progress
505 0 _apt. 1. Research biographies -- pt. 2. Research summaries in neuroscience.
533 _aElectronic reproduction.
_bPalo Alto, Calif. :
_cebrary,
_d2013.
_nAvailable via World Wide Web.
_nAccess may be limited to ebrary affiliated libraries.
650 0 _aNeurosciences
_xResearch
_vAbstracts.
650 0 _aNeuroscientists
_vDirectories.
655 7 _aElectronic books.
_2local
700 1 _aChernyovskaya, Abram A.
700 1 _aKlossovsky, Graviil F.
710 2 _aebrary, Inc.
830 0 _aNeuroscience research progress series.
856 4 0 _uhttp://site.ebrary.com/lib/rucke/Doc?id=10733964
_zAn electronic book accessible through the World Wide Web; click to view
999 _c151002
_d151002